Equipo de prueba para automóviles : analizadores portátiles de gases de escape y probador del sistema de vacío de combustible del motor /
Serie de capacitación sobre equipo de prueba para automóviles, dividida en tres tomos. El tercero y último de los volúmenes presenta los siguientes puntos como contenidos más relevantes: 1. El analizador portátil de los gases de escape puede ayudar a localizar problemas de motor, de combustible y me...
Сохранить в:
| Главный автор: | |
|---|---|
| Другие авторы: | |
| Формат: | |
| Язык: | испанский |
| Опубликовано: |
EUA :
Bergwall,
1998, c1998
México : Thomson [distribución], 2004, c2004 |
| Предметы: | |
| Метки: |
Нет меток, Требуется 1-ая метка записи!
|
MARC
| LEADER | 00000ngm^a2200000^a^4500 | ||
|---|---|---|---|
| 001 | 000189833 | ||
| 005 | 20250521000000.0 | ||
| 009 | 20260310102429.147 | ||
| 020 | |a 970-686-448-2 | ||
| 037 | |a Acervo ITESO - Biblioteca | ||
| 041 | |a ESP | ||
| 082 | |a 629. 28 |b BIL V. 3 | ||
| 100 | |a Bilotta, Peter |e (autor) | ||
| 240 | 1 | 1 | |a [Equipo de prueba para automóviles] |
| 245 | 1 | 0 | |a Equipo de prueba para automóviles : |b analizadores portátiles de gases de escape y probador del sistema de vacío de combustible del motor / |c P. Bilotta ; prod. de J. Valerio. |
| 264 | 4 | |a EUA : |b Bergwall, |c 1998, c1998 | |
| 264 | 4 | |a México : |b Thomson [distribución], |c 2004, c2004 | |
| 300 | |a 1 DVD sin dato de región |c (19 min.) | ||
| 336 | |a imagen móvil bidimensional |b tdi |2 rdacontenido | ||
| 337 | |a video |b v |2 rdamedio | ||
| 338 | |a videodisco |b vd |2 rdasoporte | ||
| 500 | |a Traducción de: Automotive Test Equipment: Portable Exhaust Gas Analyzers and Motor Vac Fuel System Tester | ||
| 520 | |a Serie de capacitación sobre equipo de prueba para automóviles, dividida en tres tomos. El tercero y último de los volúmenes presenta los siguientes puntos como contenidos más relevantes: 1. El analizador portátil de los gases de escape puede ayudar a localizar problemas de motor, de combustible y mecánicos. 2. Es necesario un conocimiento familiar de la química de la combustión y de las formas cómo se interrelacionan los gases de escape. 3. La presión, el gasto y la tasa de fugas del combustible son las pruebas clave que deben realizarse al analizar el estado del sistema de combustible del vehículo y 4. Muchos problemas de conducción pueden corregirse al limpiar regularmente el sistema de combustible y de inducción. | ||
| 546 | |a Doblaje al español | ||
| 649 | |a XX | ||
| 650 | |a Automóviles - |x Pruebas - |x Tema Principal | ||
| 650 | |a Automóviles - |x Mantenimiento y Reparación | ||
| 650 | |a Automóviles - |x Motores | ||
| 650 | |a Automóviles - |x Sistemas de Combustible | ||
| 650 | |a Automóviles - |x Sistemas de Escape | ||
| 650 | |a Motores de Combustión Interna | ||
| 650 | |a Motores | ||
| 650 | |a Combustibles | ||
| 650 | |a Combustibles | ||
| 650 | |a Gases | ||
| 650 | |a Fluidos | ||
| 650 | |a Combustión | ||
| 650 | |a Transporte Terrestre | ||
| 650 | |a Termodinámica | ||
| 650 | |a Fisicoquímica | ||
| 650 | |a Mecánica | ||
| 650 | |a Física | ||
| 650 | |a Ingeniería Electrónica | ||
| 650 | |a Ingeniería Automotriz | ||
| 700 | |a Valerio, John |e (producción) | ||
| 910 | |a Fondo General | ||
| 920 | |a Audiovisuales - DVDs | ||
| 905 | |a 308 | ||
| 901 | |a 0500129199 |b IT2 |c DVR |u 20250521 | ||
| 902 | |a https://opac.biblio.iteso.mx/vufind/Record/000189833 | ||